[Event "POL-chT9 B2 corr"]
[Site "Poland"]
[Date "1992.??.??"]
[Round "?"]
[White "Franczak, Tadeusz"]
[Black "Kleszarski, Tadeusz"]
[Result "1-0"]
[WhiteElo "2265"]
[BlackElo "2000"]
[PlyCount "47"]
[EventDate "1992.??.??"]
[EventType "tourn (corr)"]
[EventRounds "10"]
[EventCountry "POL"]
[SourceTitle "Corr 2000"]
[Source "ChessBase"]
[SourceDate "2000.04.19"]
[SourceVersion "1"]
[SourceVersionDate "2000.04.19"]
[SourceQuality "1"]

1. e4 c5 2. Nf3 e6 3. d4 cxd4 4. Nxd4 a6 5. Bd3 b5 6. 0-0 Bb7 7. Qe2 Nf6 8. a4 Qb6 9. Nb3 d5 10. exd5 Nxd5 11. axb5 axb5 12. Rxa8 Bxa8 13. Bxb5+ Bc6 14. Bxc6+ Nxc6 15. Bd2 Bb4 16. Bxb4 Ncxb4 17. Na3 0-0 18. Rd1 Rb8 19. Nd4 Na6 20. Nc4 Qb7 21. Nxe6 Re8 22. Nd6 Rxe6 23. Qxe6 fxe6 24. Nxb7 1-0